000 00239nam a2200097Ia 4500
001 1118085
005 20250827004118.0
008 250824s9999 xx 000 0 und d
245 0 _aYÜZ YÜZE
_cCENGİZ AYTMATOV
260 _bKETEBE YAYINLARI
999 _c1118085
_d1118085